00315 a2200097 4500082001600000100001900016245008900035260005100124300002600175650001600201 a363.125 HUT aHutchinson, TP aCentre for Automotive Safety Research Road Courtesy and Road Safety /cTP Hutchinson aAustralia :bThe University of Adelaide,c2008 a17p. :bill. ;c30 cm aRoad safety